شرح ملحمة الإعراب / (رقم التسجيلة. 4846)

تفاصيل مارك
000 -الفاتح
عناصر البيانات ثابتة الطول 00826cam a2200205 i 4500
005 - تاريخ ووقت آخر معاملة
حقل ضبط 20260420112948.0
008 - عناصر البيانات ثابتة الطول
عناصر البيانات ثابتة الطول 250721s2001 ua gr 000 0 ara d
082 14 - رقم تصنيف ديوي العشري
رقم التصنيف 415.1
رقم المادة ح ر ي
100 1# - مدخل رئيسي – اسم شخصي
الاسم الشخصي الحريري، أبو محمد بن علي
تواريخ خاصة بالشخص -516ه،
علاقة الشخص بالعمل/ دوره المؤلف.
245 10 - بيان العنوان
العنوان شرح ملحمة الإعراب /
بيان المسؤولية أبي محمد القاسم بن علي الحريري البصري ؛ تحقيق وشرح وتعليق سمير إبراهيم بسيوني.
250 ## - بيان الطبعة
بيان الطبعة الطبعة الأولى.
264 31 - بيانات النشر، التوزيع…إلخ
مكان النشر، التوزيع...إلخ بيروت :
اسم الناشر، الموزع...إلخ المكتبة العصرية،
تاريخ النشر، التوزيع...إلخ 2001.
300 ## - الوصف المادي
عدد الوحدات المكونة للوعاء 450 صفحة.
650 17 - مدخل إضافي بالموضوع - مصطلح موضوعي
مصطلح موضوعي أو اسم جغرافي كعنصر مدخل اللغة العربية.
650 17 - مدخل إضافي بالموضوع - مصطلح موضوعي
مصطلح موضوعي أو اسم جغرافي كعنصر مدخل قواعد اللغة.
650 17 - مدخل إضافي بالموضوع - مصطلح موضوعي
مصطلح موضوعي أو اسم جغرافي كعنصر مدخل الإعراب.
700 1# - مدخل إضافي - اسم شخصي
الاسم الشخصي هنود، بركات
علاقة الشخص بالعمل/ دوره محقق.
942 ## - بيانات إضافية (كوها)
نوع التنصيف Dewey Decimal Classification
نوع المادة (كوها) مراجع
المقتنيات
حالة السحب حالة الفقدان مصدر التصنيف حالة التلف غير قابل للإعارة المكتبة الرئيسية المكتبة الحالية موقع الرف تاريخ التزويد الرقم المتسلسل Total Checkouts رقم الإستدعاء الباركود تاريخ آخر ظهور تاريخ الفاتورة نوع المادة (كوها) العملة
    Dewey Decimal Classification   Not For Loan المكتبة المركزية المكتبة المركزية مراجع 06/07/2004 471444   م/415.1/حري 471444 28/07/2025 06/07/2004 مراجع  
    Dewey Decimal Classification     المكتبة المركزية المكتبة المركزية الإعارة 06/07/2004 322767   م/415.1/حري 322767 28/07/2025 06/07/2004 مراجع  
    Dewey Decimal Classification     المكتبة المركزية المكتبة المركزية الإعارة 20/04/2026 1361757   415.1 / ح ر ي PLD00135767 20/04/2026 20/04/2026 كتب JOD
Implemented & Customized by: BBB with SCIT (Smart Chains for Information Technology)

Powered by Koha